000 00387nam a22001697a 4500
003 OSt
005 20220223110925.0
008 220223b |||||||| |||| 00| 0 eng d
020 _a9780071475556
040 _cHU
082 _a693.1
100 _aTaly Narendra
_931288
245 _aDesign Of Reinforced Masonry Structures
260 _a2ed
300 _f122
942 _2ddc
_cBOOKS
_n0
999 _c31351
_d31351